Т. 2; Инженерно-экологический справочник

Podrobná bibliografie
Parent link:Инженерно-экологический справочник: в 3 т./ Нижегородский государственный технический университет (НГТУ) ; под ред. А. С. Тимонина. Т. 2.— 2-е изд., перераб. и доп. и испр..— , 2015.— 978-5-905856-50-1
Shrnutí:В справочнике изложены основные методы и способы защиты воздушного и водного бассейнов и литосферы от вредного влияния промышленных газовых выбросов, сточных вод и твердых отходов в теплоэнергетике, черной и цветной металлургии, химической, нефтехимической, нефте- и газоперерабатывающей, горнорудной и горнохимической промышленности, производстве строительных материалов, агропромышленном секторе, ЖКХ и многих других отраслях и производствах, оказывающих негативное влияние на состояние окружающей природной среды. Глубоко проанализированы основные технологические решения по очистке газовых выбросов, сточных вод, утилизации твердых отходов в вышеперечисленных отраслях и производствах. Приведено типовое и ориги­нальное оборудование, используемое в технологических схемах защиты воздушного и водного бассейнов и литосферы, приведены многочисленные примеры расчета и выбо­ра данного оборудования, уделено внимание методам энерго- и ресурсосбережения при реализации инженерно-экологических процессов. Отдельной частью в справочнике вы­делена проблема технологических и технических решений по обращению и переработ­ке радиоактивных отходов в различных отраслях. Справочник имеет межотраслевой ха­рактер и рассчитан на широкий круг специалистов-проектировщиков и конструкторов, а также научных работников и студентов, занимающимися проблемами защиты природ­ной среды от вредного техногенного воздействия.
Jazyk:ruština
Vydáno: 2015
Témata:
Médium: MixedMaterials Kniha
KOHA link:https://koha.lib.tpu.ru/cgi-bin/koha/opac-detail.pl?biblionumber=300422

MARC

LEADER 00000nam2a2200000 4500
001 300422
005 20231102001311.0
010 |a 9785905856525 
035 |a (RuTPU)RU\TPU\book\325575 
035 |a RU\TPU\book\319870 
090 |a 300422 
100 |a 20150709d2015 km y0rusy50 ca 
101 0 |a rus 
102 |a RU 
105 |a a g 001zy 
200 0 |a Т. 2 
210 |d 2015 
215 |a 960 с.  |c ил. 
320 |a Библиогр.: с. 954-958. 
330 |a В справочнике изложены основные методы и способы защиты воздушного и водного бассейнов и литосферы от вредного влияния промышленных газовых выбросов, сточных вод и твердых отходов в теплоэнергетике, черной и цветной металлургии, химической, нефтехимической, нефте- и газоперерабатывающей, горнорудной и горнохимической промышленности, производстве строительных материалов, агропромышленном секторе, ЖКХ и многих других отраслях и производствах, оказывающих негативное влияние на состояние окружающей природной среды. Глубоко проанализированы основные технологические решения по очистке газовых выбросов, сточных вод, утилизации твердых отходов в вышеперечисленных отраслях и производствах. Приведено типовое и ориги­нальное оборудование, используемое в технологических схемах защиты воздушного и водного бассейнов и литосферы, приведены многочисленные примеры расчета и выбо­ра данного оборудования, уделено внимание методам энерго- и ресурсосбережения при реализации инженерно-экологических процессов. Отдельной частью в справочнике вы­делена проблема технологических и технических решений по обращению и переработ­ке радиоактивных отходов в различных отраслях. Справочник имеет межотраслевой ха­рактер и рассчитан на широкий круг специалистов-проектировщиков и конструкторов, а также научных работников и студентов, занимающимися проблемами защиты природ­ной среды от вредного техногенного воздействия. 
461 1 |0 (RuTPU)RU\TPU\book\325839  |y 978-5-905856-50-1  |t Инженерно-экологический справочник  |o в 3 т.  |o учебное пособие для вузов  |f Нижегородский государственный технический университет (НГТУ) ; под ред. А. С. Тимонина  |v Т. 2  |e 2-е изд., перераб. и доп. и испр.  |d 2015  |s Инжиниринг как искусство 
606 1 |a Инженерная экология  |2 stltpush  |3 (RuTPU)RU\TPU\subj\38888  |9 59137 
606 1 |a Сточные воды  |x Очистка в целом  |2 stltpush  |3 (RuTPU)RU\TPU\subj\57136  |9 75000 
610 1 |a водоочистка 
610 1 |a водоочистные сооружения 
610 1 |a водоочистные установки 
610 1 |a теплоэнергетика 
610 1 |a теплоэнергетические воды 
610 1 |a черная металлургия 
610 1 |a цветная металлургия 
610 1 |a химическая промышленность 
610 1 |a нефтеперерабатывающая промышленность 
610 1 |a нефтехимическая промышленность 
610 1 |a лесохимическая промышленность 
610 1 |a микробиологическая промышленность 
610 1 |a машиностроительная промышленность 
610 1 |a строительная промышленность 
610 1 |a замкнутые системы 
610 1 |a оборудование 
610 1 |a методы 
610 1 |a фильтры 
610 1 |a физико-химические методы 
610 1 |a электрохимическая очистка 
610 1 |a биохимическая очистка 
610 1 |a химическая очистка 
610 1 |a термическое обезвреживание 
610 1 |a энергосберегательные мероприятия 
610 1 |a ресурсосберегающие мероприятия 
610 1 |a справочники 
610 1 |a учебные пособия 
675 |a 502.36(035)(075.8)  |v 4 
675 |a 628.31(035)(075.8)  |v 4 
801 1 |a RU  |b 63413507  |c 20150518 
801 2 |a RU  |b 63413507  |c 20150818  |g RCR 
942 |c BK 
959 |a 71/20150518  |d 5  |e 12600,00  |f ЧЗТЛ:1  |f УФ:4